Sistemnyj analiz i problemy razvitija gorodov

Saved in:
Bibliographic Details
Format: Book
Language:Russian
Published: Moskva Nauka 1983
Series:Teorija i metody sistemnogo analiza
Tags: Add Tag
No Tags, Be the first to tag this record!

MARC

LEADER 00000nam a2200000 4500
001 c116021
005 20260128112804.1
041 0 |a rus 
044 |a RU 
245 1 0 |a Sistemnyj analiz i problemy razvitija gorodov  |c Pod red. S.V. Jemel'janova 
264 1 |a Moskva  |b Nauka  |c 1983 
300 |a 512 s. 
490 1 |a Teorija i metody sistemnogo analiza 
830 0 |a Teorija i metody sistemnogo analiza